| 000 | 01133nam a2200229 a 4500 | ||
|---|---|---|---|
| 001 | 000034965 | ||
| 005 | 20240411074013.0 | ||
| 008 | 111024s1992 ck 000 f spa d | ||
| 020 | _a9580600074 | ||
| 040 |
_aDO-SdBNP _bspa _cBNPHU |
||
| 082 |
_aCo863.44 _bG216d |
||
| 100 | 1 |
_aGarcía Márquez, Gabriel, _b1928-2014 _d1928- _91804 |
|
| 245 | 1 | 0 |
_aDoce cuentos peregrinos / _cGabriel García Márquez. |
| 260 |
_aBogotá : _bOveja Negra, _c1992. |
||
| 300 |
_a226 p. ; _c22 cm. |
||
| 505 | 0 |
_aPorqué doce, porqué cuentos y porqué peregrinos -- _tBuen viaje, señor presidente -- _tLa santa -- _tEl avión de la bella durmiente. -- _tMe alguilo para soñar -- _tSólo vine a hablar por teléfono -- _tEspantos de agosto -- _tMaría dos Prazeres -- _tDiecisiete ingleses envenenados -- _tTramontana -- _tEl verano feliz de la señora Forbes -- _tLa luz es como el agua -- _tEl rastro de tu sangre en la nieve. |
|
| 590 | _aPerteneció a la biblioteca personal de Juan Isidro Jimenes Grullón | ||
| 650 | 0 |
_aCuentos dominicanos _9176 |
|
| 650 | 4 |
_aLiteratura colombiana _91244 |
|
| 910 | _aValidado. Control de calidad MFF | ||
| 049 | _aBNGR | ||
| 999 |
_c34456 _d34456 |
||